| 000 | 00480cam a2200193 4500 | ||
|---|---|---|---|
| 001 | B1595 | ||
| 008 | 090401t1985 xxu||||| |||| 00| 0 eng d | ||
| 035 | _a(Sirsi) u45375 | ||
| 041 | _aeng | ||
| 050 | _a711.73 | ||
| 110 |
_aKFR Research _92319 |
||
| 245 | _aOffice development in the M25 corridor : south | ||
| 260 |
_aLondon _bKnight Frank and Rutley _c1985 |
||
| 300 | _a34p. : ill.,maps ; 30cm. | ||
| 350 | _a0 | ||
| 650 | _aOFFICES | ||
| 942 | _n0 | ||
| 948 | _c04/03/1997 | ||
| 999 |
_c91704 _d91704 |
||